00483 2200193 4500001002100000005001500021035002000036007000300056008004100059020002200100082000800122084001400130100001400144245002600158250001100184260004800195300002900243650001700272INLIS00000000000150720230110100123 a0010-0123000005ta230110 d f ind  a978-602-03321-1-6 a813 a813 TER m0 aTere Liye1 aMatahari /cTere Liye aCet. 1 aJakarta :bPT Gramedia Pustaka Utama,c2016 a400 hlm. ;c13.5 x 20 cm aNovel Remaja